00395nam a2200169Ia 4500003000900000008004100009040001300050040001300063041000900076100001900085245006900104250001000173260001300183260000900196300001200205490000800217IT-RoPAU120407s9999 xx 000 0 und d aIT-RoPAU cIT-RoPAU alat  aC. R. Billuart aSumma s. Thomae, sive cursus theologiae juxta mentem divi Thomae aParis aLecoffre c1886 c22,5 cm v910